000 00514nam a2200181Ia 4500
005 20250508163110.0
008 008 250505s9999 xx 000 0 eng d
037 _aTextual
040 _aFEDL
_beng
_cFEDL
041 _aeng
_2eng
084 _a370.193, CRA
_qFEDL
100 _aCraft Maurice Ed.
_9284133
245 0 _aTeaching in a multicultural society : The task for teacher education
260 _c1981
300 _aix,192p.
942 _cTEXL
_h370.193, CRA
999 _c1380816
_d1380816